| 000 | 00427nam a2200145Ia 4500 | ||
|---|---|---|---|
| 008 | 151021s9999 xx 000 0 und d | ||
| 020 | _a996684646 | ||
| 050 | _aDT 352.5.A3 2000 | ||
| 245 | _a_Africa at the beginning of the 21st century Godfrey P.Okoth | ||
| 260 | _aNairobi Nairobi University 2000 | ||
| 300 | _axi,425p. | ||
| 500 | _aIncludes index. | ||
| 650 | _a_Africa history | ||
| 980 | _a^d20110221 04:25:29^oanne | ||
| 999 |
_c6717 _d6717 |
||